000 00241nam a22001217a 4500
003 SGT
082 _a823
_bBED
100 _aBEDE ADAM
245 _aGEORGE ELIOT
260 _aLONDON
_bPENGUIN PUB
_c2009
300 _a607
942 _2ddc
_cBK
999 _c34072
_d34072